000 00261nam a22000857a 4500
008 160704b xxu||||| |||| 00| 0 eng d
100 _91926
_a Bhatt, B.D
245 _aModern Indian Education: Planning and Development
260 _aNew Delhi
_bKanishka Publication
_c2005
999 _c1628
_d1628